Az időskorúak helyzete Veszprém megyében
Elmentve itt :
| Szerző: | |
|---|---|
| További közreműködők: | |
| Dokumentumtípus: | Szakdolgozat |
| Megjelent: |
1986
|
| Tárgyszavak: | |
| Online Access: | http://diploma.bibl.u-szeged.hu/55499 |
| LEADER | 00569nta a2200157 i 4500 | ||
|---|---|---|---|
| 001 | dipl55499 | ||
| 005 | 20160518145521.0 | ||
| 008 | 160208s1986 hu om 0|| hun d | ||
| 040 | |a SZTE Diploma Repozitórium |b hun | ||
| 041 | |a hun | ||
| 100 | 1 | |a Somodari László | |
| 245 | 1 | 3 | |a Az időskorúak helyzete Veszprém megyében |h [elektronikus dokumentum] / |c László Somodari |
| 260 | |c 1986 | ||
| 650 | 4 | |a Bölcsészettudományok | |
| 700 | 2 | |a Csirikné Dr. Czachesz Erzsébet |e ths | |
| 856 | 4 | 0 | |u http://diploma.bibl.u-szeged.hu/id/eprint/55499/1/1986_somodari_laszlo.pdf |z Dokumentum-elérés |